000 00603nam a2200169 a 4500
001 000026761
005 20200930030409.0
008 110325s1971 dr ac 000 0 spa d
040 _aDO-SdBNP
_bspa
_cBNPHU
082 _axxxx
_bP974d
245 0 0 _aPsicología y desarrollo personal :
_buna psicología para el dominicano joven /
_cJosé Reinaldo Cruz...[et. al.].
260 _aSanto Domingo :
_bEditora de la Salle,
_c1971.
300 _a177 p. :
_bil., retrs. ;
_c22 cm.
504 _aIncluye referencias bibliográficas al pie de las páginas
700 1 2 _aCruz, José Reinaldo
_953867
049 _aBNPD
999 _c26253
_d26253